Adapting the profit center concept to government adminsitration (Record no. 480065)

000 -LEADER
fixed length control field 00446cam a22001337a 4500
008 - FIXED-LENGTH DATA ELEMENTS--GENERAL INFORMATION
fixed length control field 180718b1976 xxu||||| |||| 00| 0 eng d
082 ## - DEWEY DECIMAL CLASSIFICATION NUMBER
Classification number U6 In8
100 ## - MAIN ENTRY--PERSONAL NAME
Personal name Porter, David O.
245 ## - TITLE STATEMENT
Title Adapting the profit center concept to government adminsitration
Statement of responsibility, etc. by David O. Porter
260 ## - PUBLICATION, DISTRIBUTION, ETC.
Place of publication, distribution, etc. Berlin
Name of publisher, distributor, etc. International Institute of Management
Date of publication, distribution, etc. 1976
300 ## - PHYSICAL DESCRIPTION
Extent 46p.
650 ## - SUBJECT ADDED ENTRY--TOPICAL TERM
Topical term or geographic name entry element Government enterprise
700 ## - ADDED ENTRY--PERSONAL NAME
Personal name International Institute of Management
Holdings
Withdrawn status Lost status Damaged status Not for loan Permanent Location Current Location Date acquired Full call number Barcode Date last seen Price effective from Koha item type
        Indian Institute of Public Administration Indian Institute of Public Administration 2018-08-04 U6 In8 GR10049 2018-08-04 2018-08-04 GR

Powered by Koha